00397 a2200145 450000100060000002000150000604000240002110000280004524000570007324500520013030000070018236200090018944000220019865000310022069799 a8510033951 cAnchieta - Itaigara aJannone, Leila Rentroia10aCom a ponta dos dedos e os olhos do coraçãolpor10aCom a ponta dos dedos e os olhos do coração a390 a2005 1aEditora do Brasil 4aLiteratura infanto-juvenil